| 000 | 00719 a2200241 4500 | ||
|---|---|---|---|
| 005 | 20251121130342.0 | ||
| 008 | 251121b |||||||| |||| 00| 0 eng d | ||
| 020 | _a9781-5095-6088 (pbk) | ||
| 037 | _cTB | ||
| 040 |
_aCRL _cCRL |
||
| 041 |
_2eng _aeng |
||
| 084 |
_aR R4 _qCRL |
||
| 100 |
_aGeuss, Raymond _9821953 |
||
| 245 | _aSeeing double | ||
| 260 |
_aCambridge, UK: _bPolity Press, _c2024. |
||
| 300 | _ax, 201p. | ||
| 365 |
_b22.95 _cUSD |
||
| 650 |
_aPhilosophy _9852815 |
||
| 650 |
_aPhilosopher _9852816 |
||
| 650 |
_aNietzsche _9852817 |
||
| 942 |
_cTB _2CC _n0 _hR R4 |
||
| 999 |
_c1435790 _d1435790 |
||